Open and distance education : (Record no. 127960)

MARC details
000 -LEADER
fixed length control field 00789nam a22002297a 4500
005 - DATE AND TIME OF LATEST TRANSACTION
control field 20170124110033.0
010 ## - LIBRARY OF CONGRESS CONTROL NUMBER
LC control number A-992451
020 ## - INTERNATIONAL STANDARD BOOK NUMBER
Terms of availability 550.00
International Standard Book Number 8186880038
035 ## - SYSTEM CONTROL NUMBER
System control number A-992451
037 ## - SOURCE OF ACQUISITION
Source of stock number/acquisition Cen Lib/Ret
040 ## - CATALOGING SOURCE
Original cataloging agency DPL
Language of cataloging EN
082 ## - DEWEY DECIMAL CLASSIFICATION NUMBER
Classification number 374.40954
Item number OPE
245 ## - TITLE STATEMENT
Title Open and distance education :
Statement of responsibility, etc edited by Santosh Panda
Remainder of title policies, practices and quality concerns /
260 ## - PUBLICATION, DISTRIBUTION, ETC. (IMPRINT)
Place of publication, distribution, etc New Delhi
Name of publisher, distributor, etc Aravali Books International
Date of publication, distribution, etc 1999
270 ## - ADDRESS
Address W-30, okhla industrial area phase 2,
City New Delhi
Postal code 110020
300 ## - PHYSICAL DESCRIPTION
Extent xiii, 445p.
Dimensions 23cm(Hb)
500 ## - GENERAL NOTE
General note Includes index
650 ## - SUBJECT ADDED ENTRY--TOPICAL TERM
Topical term or geographic name as entry element Education
General subdivision Distance education
Geographic subdivision India
9 (RLIN) 22030
650 ## - SUBJECT ADDED ENTRY--TOPICAL TERM
Topical term or geographic name as entry element Development and policies
9 (RLIN) 22031
700 ## - ADDED ENTRY--PERSONAL NAME
Personal name Panda, Santosh
9 (RLIN) 21732
942 ## - ADDED ENTRY ELEMENTS (KOHA)
Source of classification or shelving scheme Dewey Decimal Classification
Koha item type English Books
Classification part 374.40954
Call number suffix OPE
Holdings
Withdrawn status Lost status Damaged status Not for loan Home library Current library Date acquired Source of acquisition Cost, normal purchase price Total Checkouts Full call number Barcode Date last seen Copy number Cost, replacement price Price effective from Koha item type
        Central Library Central Library 01/07/2015 Cen Lib/Ret 0.00   374.40954 OPE A-992451 01/07/2015 1 0.00 01/07/2015 English Books

© Delhi Public Library
Hit Counter
free hit counter